El baño / (Record no. 30818)

MARC details
000 -LEADER
campo de control de longitud fija 00491nam a2200181 i 4500
001 - NÚMERO DE CONTROL
campo de control 30818
003 - IDENTIFICADOR DE NÚMERO DE CONTROL
campo de control ES-MaACL
007 - CAMPO FIJO DE DESCRIPCIÓN FÍSICA--INFORMACIÓN GENERAL
campo de control de longitud fija t|
008 - DATOS DE LONGITUD FIJA--INFORMACIÓN GENERAL
campo de control de longitud fija 030127s1984 sp ||||1| spa d
100 1# - ENTRADA PRINCIPAL--NOMBRE DE PERSONA
Nombre de persona Bellido, José María.
9 (RLIN) 27211
245 13 - MENCIÓN DEL TÍTULO
Título El baño /
Mención de responsabilidad, etc. José María Bellido.
260 ## - PUBLICACIÓN, DISTRIBUCIÓN, ETC.
Lugar de publicación, distribución, etc. [Madrid :
Nombre del editor, distribuidor, etc. Preyson,
Fecha de publicación, distribución, etc. 1984]
300 ## - DESCRIPCIÓN FÍSICA
Extensión 95 p. ;
Dimensiones 16 cm.
490 1# - MENCIÓN DE SERIE
Mención de serie Arte escénico ;
Designación de volumen o secuencia 44
830 0# - PUNTO DE ACCESO ADICIONAL DE SERIE-TÍTULO UNIFORME
Título uniforme Arte escénico ;
Designación de volumen o secuencia 44
9 (RLIN) 180796
852 ## - LOCALIZACIÓN
Ubicación ES-MaACL
Número de control de estantería L-7374
Sublocalización o colección R.108108
Holdings
Estatus retirado Estado de pérdida Estado de daño No para préstamo Biblioteca de origen Biblioteca actual Ubicación en estantería Fecha de adquisición Fuente de adquisición Total de préstamos Signatura topográfica completa Código de barras Visto por última vez Precio de reemplazo Tipo de ítem Koha
        Biblioteca del Ateneo de Madrid Biblioteca del Ateneo de Madrid Depósito 2 17/01/2008     L-7374 1031833 23/02/2023 23/02/2023 Libro impreso